| 000 | 06289cam a22019934i 4500 | ||
|---|---|---|---|
| 003 | PE-LiUPU | ||
| 005 | 20250813165858.0 | ||
| 008 | 150706s2007 mx a rb 000 0 spa d | ||
| 020 | _a9701061748 | ||
| 020 | _a9789701061749 | ||
| 035 | _a(Sirsi) i9789701061749 | ||
| 040 |
_aPE-LiUPU _bspa _cPE-LiUPU _erda |
||
| 049 | _aPRUA | ||
| 082 | 0 | 4 |
_a660.2892 _bM33 _221 |
| 082 | 0 | 4 |
_a660.284 _bM12 2007 |
| 100 | 1 |
_aMcCabe, Warre L., _eautor. |
|
| 245 | 1 | 0 |
_aOperaciones unitarias en ingeniería química / _cWarren L. McCabe, Julian C. Smith, Peter Harriott ; revisor técnico René Huertas Cevallos ; traductor Alejandro Carlos Piombo Herrera. |
| 250 | _aSéptima edición. | ||
| 264 | 1 |
_aMéxico : _bMcGraw-Hill/Interamericana, _c2007. |
|
| 300 |
_axviii, 1189 páginas : _bilustraciones ; _c24 centímetros. |
||
| 336 |
_atext _2rdacontent |
||
| 337 |
_aunmediated _2rdamedia |
||
| 338 |
_avolume _2rdacarrier |
||
| 490 | 0 | _aIngeniería Química | |
| 504 | _aIncluye referencia bibliográfica. | ||
| 505 | 0 | _aDefiniciones y principios -- Mecánica de fluidos -- Estática de fluidos y sus aplicaciones -- Fenómenos de flujo de fluidos -- Ecuaciones básicas del flujo de fluidos -- Flujo de fluidos no comprensibles en tuberías y canales de conducción -- Flujo de fluidos compresibles -- Flujo de fluidos alrededor de cuerpos sumergidos -- Transporte y medición de fluidos -- Agitación y mezcla de líquidos -- Transferencia de calor y sus aplicaciones -- Transferencia de calor por conducción -- Fundamentos de flujo de calor en fluidos -- Transferencia de calor en fluidos sin cambio de fase -- Transferencia de calor por radiación -- Equipo para intercambio de calor -- Evaporación -- Transferencia de masa y sus aplicaciones -- Fundamentos de la difusión y de la transferencia de masa entre fases -- Absorción de gases -- Operaciones de humidificación -- Operaciones de equilibrio de etapas -- Destilación -- Introducción a la destilación multicomponente -- Lixiviación y extracción -- Secado de sólidos -- Separaciones en lechos fijos -- Procesos de separación por membrana -- Cristalización -- Operaciones en las que intervienen partículas de sólidos -- Propiedades y tratamiento de partículas sólidas -- Separaciones mecánicas. | |
| 526 | _aP203 | ||
| 526 | _aP200 | ||
| 526 | _aSEG65 | ||
| 526 | _aSEG64 | ||
| 526 | _aSEG63 | ||
| 526 | _aSEG62 | ||
| 526 | _aSEG61 | ||
| 526 | _aSEG60 | ||
| 526 | _aSEG59 | ||
| 526 | _aSEG58 | ||
| 526 | _aSEG57 | ||
| 526 | _aSEG56 | ||
| 526 | _aSEG55 | ||
| 526 | _aSEG54 | ||
| 526 | _aSEG53 | ||
| 526 | _aSEG52 | ||
| 526 | _aSEG51 | ||
| 526 | _aSEG50 | ||
| 526 | _aSEG49 | ||
| 526 | _aSEG48 | ||
| 526 | _aSEG47 | ||
| 526 | _aSEG46 | ||
| 526 | _aSEG24 | ||
| 526 | _aSEG23 | ||
| 526 | _aSEG22 | ||
| 526 | _aSEG21 | ||
| 526 | _aSEG20 | ||
| 526 | _aSEG19 | ||
| 526 | _aSEG18 | ||
| 526 | _aSEG17 | ||
| 526 | _aSEG16 | ||
| 526 | _aSEG14 | ||
| 526 | _aSEG13 | ||
| 526 | _aSEG12 | ||
| 526 | _aSEG11 | ||
| 526 | _aSEG10 | ||
| 526 | _aSEG09 | ||
| 526 | _aSEG06 | ||
| 526 | _aSEG05 | ||
| 526 | _aSEG04 | ||
| 526 | _aSEG03 | ||
| 526 | _aSEG02 | ||
| 526 | _aSEG68 | ||
| 526 | _aSEG66 | ||
| 526 | _aSEG45 | ||
| 526 | _aSEG25 | ||
| 526 | _aSEG01 | ||
| 526 | _aP163 | ||
| 526 | _aP162 | ||
| 526 | _aP161 | ||
| 526 | _aP160 | ||
| 526 | _aP159 | ||
| 526 | _aP158 | ||
| 526 | _aP157 | ||
| 526 | _aP156 | ||
| 526 | _aP155 | ||
| 526 | _aP154 | ||
| 526 | _aP153 | ||
| 526 | _aP152 | ||
| 526 | _aP151 | ||
| 526 | _aP150 | ||
| 526 | _aP149 | ||
| 526 | _aP142 | ||
| 526 | _aP141 | ||
| 526 | _aP140 | ||
| 526 | _aP139 | ||
| 526 | _aP138 | ||
| 526 | _aP137 | ||
| 526 | _aP132 | ||
| 526 | _aP131 | ||
| 526 | _aP130 | ||
| 526 | _aP126 | ||
| 526 | _aP125 | ||
| 526 | _aP124 | ||
| 526 | _aP123 | ||
| 526 | _aP115 | ||
| 526 | _aP122 | ||
| 526 | _aP121 | ||
| 526 | _aP116 | ||
| 526 | _a P114 | ||
| 526 | _aP112 | ||
| 526 | _aP111 | ||
| 526 | _aP104 | ||
| 526 | _aP103 | ||
| 526 | _aP102 | ||
| 526 | _aP101 | ||
| 526 | _aP100 | ||
| 526 | _aP96 | ||
| 526 | _aP95 | ||
| 526 | _aP93 | ||
| 526 | _aP92 | ||
| 526 | _aP91 | ||
| 526 | _aP88 | ||
| 526 | _aP83 | ||
| 526 | _aP82 | ||
| 526 | _aP79 | ||
| 526 | _aP78 | ||
| 526 | _aP75 | ||
| 526 | _aP74 | ||
| 526 | _aP71 | ||
| 526 | _aP69 | ||
| 526 | _a P51 | ||
| 526 | _aP49 | ||
| 526 | _aP48 | ||
| 526 | _aP47 | ||
| 526 | _aP33 | ||
| 526 | _aP31 | ||
| 526 | _a P30 | ||
| 526 | _aP29 | ||
| 526 | _aP27 | ||
| 526 | _aP26 | ||
| 526 | _aP25 | ||
| 526 | _aP24 | ||
| 526 | _a P22 | ||
| 526 | _aP10 | ||
| 526 | _aP09 | ||
| 526 | _a P08 | ||
| 526 | _aP06 | ||
| 526 | _aP05 | ||
| 526 | _aP04 | ||
| 526 | _aP01 | ||
| 541 | _g015-0014332; | ||
| 650 | 0 | 4 | _aIngeniería Química. |
| 650 | 0 | 4 | _aOperaciones unitarias (Ingeniería química). |
| 650 | 0 | 4 | _aMecánica de fluidos. |
| 650 | 0 | 4 | _aSeparación (Tecnología). |
| 650 | 0 | 4 | _aDestilación. |
| 700 | 1 |
_aSmith, Julian Cleveland, _d1919- , _eautor. |
|
| 700 | 1 |
_aHarriot, Peter, _eautor. |
|
| 700 | 1 |
_aRoig Vázquez, Pablo Eduardo, _eeditor. |
|
| 700 | 1 |
_aHuerta Cevallos, René, _erevisor. |
|
| 700 | 1 |
_aPiombo Herrera, Alejandro Carlos, _etraductor. |
|
| 910 |
_bjv _clch _d20121012 |
||
| 910 |
_btqv _cwelc _d20170704 |
||
| 942 |
_2ddc _cBOOK |
||
| 949 |
_a660.2892 M33 _wDEWEY _c1 _i65534 _lCCODEBUL1 _mBUL _p52.00 _r0 _sY _tBOOK _u2015-7-6 _xINGENIERIA _PP24 _o.STAFF. Colección General |
||
| 949 |
_a660.284 M12 2007 _wDEWEY _c1 _iFJ08020 _lCCODEBUJ1 _mBUJ _p125.20 _r0 _sY _tBOOK _u2017-07-04 _xINGENIERIA _PP26 _0COMPRA _o.STAFF. Colección General Juliaca |
||
| 994 |
_aC0 _bPEPRU |
||
| 596 | _a1 3 | ||
| 999 |
_a660.2892 M33 _wDEWEY _c54013 _i65534 _d54013 _e2019-6-18 _f2021-11-9 _g7 _lCCODEBUL1 _mBUL _n2 _p52.00 _q1 _r0 _sY _tBOOK _u2015-7-6 _xINGENIERIA _PP24 _0COMPRA _o.STAFF. Colección General |
||
| 999 |
_a660.284 M12 2007 _wDEWEY _c1 _iFJ08020 _d2017-10-4 _f2022-2-1 _g4 _lCCODEBUJ1 _mBUJ _p125.20 _q1 _r0 _sY _tBOOK _u2017-7-4 _xINGENIERIA _PP26 _0COMPRA _o.STAFF. Colección General Juliaca |
||
| 980 |
_81 _gALBERTO SANCHEZ Responsable de Automatización |
||